000 00932nas a2200277 4500
001 BR2010005659
003 BR-BrBNA
005 20231205114824.0
007 ta
008 230509b bl.|||p| |||| 00| 00por d
040 _aBR-BrBNA
_bpor
_cBiblioteca Nacional de Agricultura
041 _a(Pt)
072 _aL70
100 1 _aSá, P.A.
100 1 _aTeixeira Neto, F.J.
100 1 _aCampagnol, D.
100 1 _aFrança, R.O.
100 1 _aMoreira, M.
245 1 _aEfeitos do modo ventilatório sobre variáveis hemogasométricas em equinos submetidos à mudança de decúbito durante a anestesia geral inalatória com halotano
650 _aEQUINO
650 _aVETERINÁRIA
650 _aANESTESIA
773 0 _tArquivo Brasileiro de Medicina Veterinária e Zootecnia (Brazil)
_xISSN 0102-0935
_g(Jun 2010), v. 62(3) p. 549-554
_wBR2010005659
909 _a202311
_bLúcia
_c55
_dLúcia Elande
942 _2AGRIS
_n0
_cANA
999 _c210670
_d210670